Fr. Conceicao Rodrigues College of Engineering

Fundamentals of Modern VLSI Devices (Record no. 30122)

MARC details
000 -LEADER
fixed length control field 00348nam a2200157Ia 4500
082 ## - DEWEY DECIMAL CLASSIFICATION NUMBER
Classification number 621.395
Item number TAU
100 ## - MAIN ENTRY--PERSONAL NAME
Personal name Taur/Yuan/ Ning/T.N
245 ## - TITLE STATEMENT
Title Fundamentals of Modern VLSI Devices
260 ## - PUBLICATION, DISTRIBUTION, ETC.
Name of publisher, distributor, etc. Cambridge University Press
Date of publication, distribution, etc. 1998
366 ## - TRADE AVAILABILITY INFORMATION
Publishers's discount category 25
300 ## - PHYSICAL DESCRIPTION
Extent 489
546 ## - LANGUAGE NOTE
Language note ENGLISH
-- TTL
650 ## - SUBJECT ADDED ENTRY--TOPICAL TERM
Topical term or geographic name entry element VLSI
942 ## - ADDED ENTRY ELEMENTS (KOHA)
Koha item type BOOK
Holdings
Withdrawn status Lost status Damaged status Not for loan Collection Home library Current library Date acquired Source of acquisition Cost, normal purchase price Inventory number Total Checkouts Full call number Barcode Date last seen Cost, replacement price Price effective from Koha item type
        CRC Fr. Agnel's C.Rodrigues College of Engineering Fr. Agnel's C.Rodrigues College of Engineering 17/03/2023 Dharma Enterprises 371.25 524 dt 29/04/2010   621.395 TAU 20517 17/03/2023 495.00   BOOK